00771nam a2200265 a 450000100060000000300090000600500170001500600150003200800410004701600300008801700510011802000150016903500200018404000280020408000120023208200180024410000230026224500980028526000330038330000170041649000180043365000150045165000160046670000230048224713CO-ViMGA20230915232014.0bimo0001136275141112s2004 ck r 000 u spa d abimoBNE19993869512 SpMaBN aM 26688 - 1998 Oficina Depósito Legal Madrid a8436812301 a(OCoLC)39937349 aCO-ViMGAbspacCO-ViMGA a618.17304a612.665 P151g1 aPalacios, Santiago10aGuía de la menopausia : bla necesidad de cuidarse / cSantiago Palacios, Carmen Menéndez aMadrid : bPirámide [1998] a174 p. 21 cm aMujer y salud14aClimaterio14aMenopausia 1 aMenéndez, Carmen